000 01842nam a22002657a 4500
999 _c59864
_d59864
003 Ge_BSU
005 20230502105909.0
008 230502s2016 ge ||||| |||| 00| 0 geo d
020 _a9789941244018
041 _ageo
080 _a63(479.22)(09) ს-32
245 _aსოფლის მეურნეობა : პური ჩვენი არსობისა /
_cრედაქტორი ლადო იოსებაძე, ნოდარ ჩხარტისვილი, ბაკურ გულუა და სხვ.; წინათქმა ვახტანგ სართანია; ავტორები: თამაზ კუნჭულია, შოთა კიკალიშვილი.დიზაინერი რატი თორდია.
264 _aთბილისი :
_bპალიტრა L,
_c2016.
300 _a306 გვ. :
_bსურ. ;
_c30 სმ.
490 _aსაქართველო : ჩვენი ფასეულობები
653 _aსაქართველოს სოფლის მეურნეობის ისტორია
700 _aიოსებაძე, ლადო
_eრედაქტორი
_917896
700 _aჩხარტიშვილი, ნოდარ
_eრედაქტორი
_917897
700 _aგულუა, ბაკურ და სხვ.;
_eრედაქტორი
_917898
700 _aსართანია, ვახტანგ
_eწინათქმის ავტორი
_917899
700 _aკუნჭულია, თამაზ
_eავტორი
_917900
700 _aკიკალიშვილი, შოთა
_eავტორი
_917901
700 _aთორდია, რატი
_eდიზაინერი
_917902
942 _2udc
_cBK